Statistics for Country Logic Puzzle by Scambigol #17

Click here to take the quiz!

General Stats

  • This quiz has been taken 231 times
  • The average score is 19 of 24

Answer Stats

Country% Correct
Yemen
97%
Oman
95%
Qatar
93%
Zimbabwe
89%
Argentina
84%
Brazil
78%
Uganda
78%
Venezuela
78%
Peru
76%
Fiji
75%
Italy
75%
Jamaica
75%
Russia
75%
Kenya
74%
Estonia
73%
Hungary
73%
Nicaragua
73%
Samoa
73%
Cambodia
72%
Dominica
72%
Guatemala
72%
Liberia
72%
Tuvalu
72%
Myanmar
71%

Score Distribution

Percentile by Number Answered

Percent of People with Each Score

Your Score History

You have not taken this quiz